Statistics for Chinese Cities over 1 Million Population

Click here to take the quiz!

General Stats

  • This quiz has been taken 708 times
    (70 since last reset)
  • The average score is 53 of 98

Answers on the Map

Answers color-coded by a green-red scale on the quiz's map according to % correct below.
 

Answer Stats

Pop (M)ProvinceCity% Correct
18.88BJ-HEBBeijing
98%
27.12GDGuangzhou/Foshan
98%
24.04SHG-JS-ZJShanghai
98%
6.47HKHong Kong
96%
17.78GDShenzhen
96%
9.66TWTaipei
94%
12.21SAAXi'an
94%
12.65CQChongqing
91%
10.05TJTianjin
91%
10.35HUBWuhan
91%
3.87HLHarbin
89%
8.51JSNanjing
89%
15.02SCChengdu
87%
4.55XJUrumqi
87%
9.62ZJHangzhou
83%
5.25FJXiamen
83%
4.49FJFuzhou
81%
6.29SDQingdao
81%
11.07HENZhengzhou
81%
4.18LNDalian
79%
3.25GXNanning
79%
8.04LNShenyang/Fushun
79%
5.00YNKunming
77%
6.09JSSuzhou
74%
4.02ZJWenzhou
74%
5.07HUNChangsha
72%
10.75GDDongguan
72%
5.05AHHefei
72%
4.38ZJNingbo
72%
5.07SAXTaiyuan
72%
4.06SDJinan
70%
3.39JLChangchun
68%
2.98GSLanzhou
68%
3.87HEBShijiazhuang
68%
4.27GZGuiyang
66%
2.57HAHaikou
66%
2.22SDZibo
64%
2.35TWKaohsiung
62%
2.20GDShantou
62%
2.21NMHohhot
60%
4.24JXNanchang
60%
2.52TWTaichung
60%
1.42LNAnshan
57%
1.16JLJilin
57%
4.52JSWuxi
57%
4.21JSChangzhou
55%
2.08HENLuoyang
55%
1.12TWTainan
55%
1.89GDHuizhou
53%
1.48JSXuzhou
53%
2.12NMBaotou
51%
1.12JSNantong
51%
6.74FJQuanzhou
51%
1.41SAXDatong
49%
1.02HLQiqihar
49%
1.75HEBTangshan
49%
1.08HLDaqing
45%
1.91SDLinyi
45%
1.27ZJTaizhou
45%
1.06SDWeifang
45%
2.32NXYinchuan
45%
1.85QHXining
43%
4.11GDZhongshan
43%
2.31GDZhuhai
43%
1.83ZJCixi
40%
1.36SDYantai
40%
1.04GXGuilin
38%
1.06AHWuhu
38%
1.23GXLiuzhou
34%
1.68FJPutian
34%
1.39HEBBaoding
32%
1.55HEBHandan
32%
1.11HEBQinhuangdao
32%
1.19JSYangzhou
32%
1.60GDJiangmen
30%
1.09SCMianyang
30%
1.04HENXinxiang
30%
1.82ZJYiwu
30%
1.22GDZhanjiang
30%
1.21SAABaoji
28%
1.22GDChaozhou
28%
1.95ZJShaoxing
28%
1.00FJZhangzhou
28%
1.13JSZhenjiang
28%
1.04HUBYichang
26%
1.20HUNZhuzhou
26%
1.03AHMa'anshan
23%
1.09GDJieyang
21%
1.00JXJingdezhen
21%
1.06HUNXiangtan
21%
1.07LNYingkou
21%
2.77JSZhangjiagang
21%
1.27JSChangshu
19%
2.19GDChaoyang
19%
2.21JSKunshan
19%
1.18HUBHuangshi
17%
1.42GDPuning
17%
1.27ZJRui'an
17%

Score Distribution

Percentile by Number Answered

Percent of People with Each Score

Your Score History

You have not taken this quiz since the last reset